Normal view
MARC view
Entry Término temático
001 - NÚMERO DE CONTROL
- campo de control: 36243
003 - IDENTIFICADOR DEL NÚMERO DE CONTROL
- campo de control: FranzMayer
005 - FECHA Y HORA DE LA ÚLTIMA TRANSACCIÓN
- campo de control: 20260605140442.0
008 - DATOS DE LONGITUD FIJA
- campo de control de longitud fija: 260605|| aca||aabn | a|a d
040 ## - FUENTE DE LA CATALOGACIÓN
- Centro catalogador/agencia de origen: FranzMayer
- Centro/agencia transcriptor: FranzMayer
150 ## - ENCABEZAMIENTO--TÉRMINO DE MATERIA
- Término de materia o nombre geográfico como elemento de entrada: Geography
- Subdivisión cronológica: Early works to 1800
670 ## - FUENTE DE DATOS ENCONTRADOS
- Cita de la fuente: Work cat.: (FranzMayer)22508: Bertius, Petrus, (1565-1629), cartógrafo y autor 36241, Tabvularvm geographicarvm contractarvm Libri Septem:, 1616